| 000 | 01344nam a2200241Ii 4500 | ||
|---|---|---|---|
| 003 | JO-AjNU | ||
| 005 | 20240629104307.0 | ||
| 008 | 230605s9999||||xx |||||||||||||| ||und|| | ||
| 040 |
_aJO-AjNU _bara _erda _cJO-AjNU |
||
| 041 | _aara | ||
| 050 | 1 | 4 | _aHG4261 2020 |
| 100 | 1 |
_aالصمادي، آمال بسام عطا _eمعد _965769 |
|
| 245 | 0 | 0 |
_aأثر السلوك الريادي على النجاح التنظيمي لدى البنوك التجارية الأردنية: المسؤولية الاجتماعية كمتغير وسيط / _cاعداد آمال بسام عطا الصمادي ؛ إشراف محمود علي الروسان |
| 260 | _c2020 | ||
| 300 | _a124 ورقة | ||
| 336 |
_atext _btxt _2rdacontent |
||
| 337 |
_aunmediated _bn _2rdamedia |
||
| 338 |
_avolume _bnc _2rdacarrier |
||
| 500 | _aرسالة جامعية(اطروحة ماجستير) جامعة عجلون الوطنية ،كلية ادارة الاعمال، تخصص ادارة اعمال 2020،يحتوي على جداول59-89 ص ويحتوي عل المراجع والمصادر من 95-112ص ويحتوي على ملاحق من 113-122ص | ||
| 650 | 4 |
_aالبنوك التجارية - التنظيم - المسؤولية الاجتماعية - الاردن _959720 |
|
| 700 | 1 |
_aالروسان، محمود علي _eمشرف _965363 |
|
| 942 |
_2lcc _cTHS |
||
| 999 |
_c30456 _d30456 |
||